[Event "57th World Juniors 2018"]
[Site "Manavgat TUR"]
[Date "2018.09.08"]
[Round "5.51"]
[White "Martinez Alcantara, Jose Eduardo"]
[Black "Zhao, Chenxi"]
[Result "1/2-1/2"]
[WhiteTitle "GM"]
[WhiteElo "2565"]
[BlackElo "2275"]
[WhiteFideId "3805662"]
[BlackFideId "8611513"]
[EventDate "2018.09.05"]

1. e4 e5 2. Nf3 Nc6 3. Bc4 Nf6 4. d3 Be7 5. O-O O-O 6. Re1 d6 7. a4 h6 8. a5 a6
9. c3 Be6 10. Nbd2 Qd7 11. Qb3 Bxc4 12. Nxc4 Nd8 13. Ne3 Re8 14. Qa4 Qxa4 15.
Rxa4 Bf8 16. b4 Ne6 17. g3 Rad8 18. Nd5 Nd7 19. Bb2 c6 20. Ne3 Nf6 21. h4 g6 22.
c4 h5 23. Raa1 Bh6 24. Bc1 Kh7 25. Rb1 Ng4 26. b5 Nxe3 27. Bxe3 Bxe3 28. Rxe3
axb5 29. cxb5 Ra8 30. bxc6 bxc6 31. Ra1 Re7 32. Nd2 Nd4 33. Ra4 Rea7 34. Nc4 Kg7
35. Kg2 f6 36. Nxd6 Rxa5 37. Rxa5 Rxa5 38. Re1 Ra3 39. Rb1 Nb5 1/2-1/2

[Event "57th World Juniors 2018"]
[Site "Manavgat TUR"]
[Date "2018.09.08"]
[Round "5.52"]
[White "Escalante Ramirez, Brian Sebasti"]
[Black "Kilic, Efe Mert"]
[Result "1-0"]
[WhiteTitle "IM"]
[BlackTitle "FM"]
[WhiteElo "2436"]
[BlackElo "2269"]
[WhiteFideId "3819566"]
[BlackFideId "6354327"]
[EventDate "2018.09.05"]

1. e4 c6 2. d4 d5 3. f3 g6 4. Nc3 Bg7 5. Be3 dxe4 6. fxe4 Nf6 7. Nf3 O-O 8. Qd2
b5 9. e5 Nd5 10. Bh6 Nxc3 11. bxc3 Bf5 12. Bxg7 Kxg7 13. Bd3 Bxd3 14. cxd3 Qd5
15. Qe2 Nd7 16. O-O Nb6 17. Rac1 h6 18. c4 Qe6 19. d5 cxd5 20. Nd4 Qc8 21. cxb5
Qb7 22. Rf3 e6 23. Qe3 Qe7 24. Rf6 Rac8 25. Rcf1 Nd7 26. h4 Qc5 27. Rxf7+ Rxf7
28. Nxe6+ Kg8 29. Nxc5 Nxc5 30. Rc1 Rfc7 31. Qxh6 Kf7 32. d4 Ne6 33. Qh7+ Ng7
34. Rf1+ Ke8 35. Qg8+ 1-0

[Event "57th World Juniors 2018"]
[Site "Manavgat TUR"]
[Date "2018.09.08"]
[Round "5.53"]
[White "Garidmagnai, Byambasuren"]
[Black "Zarubitski, Viachaslau"]
[Result "1/2-1/2"]
[WhiteTitle "FM"]
[BlackTitle "IM"]
[WhiteElo "2287"]
[BlackElo "2425"]
[WhiteFideId "4902963"]
[BlackFideId "13509373"]
[EventDate "2018.09.05"]

1. Nf3 d5 2. b3 Bf5 3. Bb2 e6 4. e3 Nf6 5. Be2 h6 6. d3 Be7 7. Nbd2 O-O 8. Ne5
Nbd7 9. f4 Nxe5 10. fxe5 Nd7 11. Bg4 Bh7 12. O-O Bc5 13. d4 Bb6 14. c4 c5 15.
cxd5 cxd4 16. Nc4 dxe3 17. Nxb6 Qxb6 18. Kh1 Rad8 19. d6 Rc8 20. Bd4 Qa5 21. Bf3
Rc2 22. Qe1 Qxe1 23. Rfxe1 b6 24. Rxe3 Rfc8 25. Kg1 Kf8 26. Bb7 Rc1+ 27. Rxc1
Rxc1+ 28. Kf2 Ke8 29. Ba6 Kd8 30. a4 Rc2+ 31. Kg3 Nb8 32. Bb5 Nc6 33. Bc3 Kd7
34. Kf3 Bg6 35. b4 Bh5+ 36. g4 Bg6 37. h3 h5 38. a5 bxa5 39. bxa5 hxg4+ 40. hxg4
f6 41. exf6 gxf6 42. Bxf6 Kxd6 43. Bd3 Bxd3 44. Rxd3+ Kc5 45. g5 e5 46. g6 Nd4+
47. Kg4 Rg2+ 48. Rg3 Rxg3+ 49. Kxg3 Kd5 50. Kg4 Ke6 51. Kg5 a6 52. Bd8 Nf5 53.
Bb6 Ng7 1/2-1/2

[Event "57th World Juniors 2018"]
[Site "Manavgat TUR"]
[Date "2018.09.08"]
[Round "5.54"]
[White "Huber, Martin Christian"]
[Black "Wong, Yinn Long"]
[Result "1-0"]
[WhiteTitle "IM"]
[BlackTitle "FM"]
[WhiteElo "2390"]
[BlackElo "2261"]
[WhiteFideId "1623435"]
[BlackFideId "5707684"]
[EventDate "2018.09.05"]

1. Nf3 c5 2. c4 g6 3. e4 Nc6 4. d4 cxd4 5. Nxd4 Bg7 6. Be3 Qb6 7. Nb3 Qd8 8. Nd4
Qb6 9. Nb3 Qd8 10. Qd2 Nf6 11. f3 O-O 12. Nc3 d6 13. Be2 a5 14. Na4 Nd7 15. O-O
b6 16. Nd4 Bb7 17. Nb5 Na7 18. Nac3 Nxb5 19. Nxb5 Rc8 20. Rac1 Ba6 21. b3 Nc5
22. Rfd1 Qd7 23. Bf1 Rfd8 24. Qf2 f5 25. exf5 Bxb5 26. cxb5 Qxf5 27. Bd4 Bf8 28.
Bb2 Bh6 29. Bc4+ e6 30. Qd4 Kf7 31. Qh4 Be3+ 32. Kh1 h5 33. Rc3 Bg5 34. Qf2 Bf6
35. Rc2 Bxb2 36. Rxb2 d5 37. Bf1 Qf6 38. Rbd2 Rd7 39. Qe3 Rcd8 40. Qh6 Qg7 41.
Qg5 Qf6 42. Qh6 e5 43. Re1 Re8 44. Red1 Rh8 45. Qe3 d4 46. Bc4+ Kg7 47. Qe2 Rdd8
48. Rc1 Rhe8 49. Bd3 Rc8 50. Rdc2 Qf4 51. g3 Qg5 52. Be4 Red8 53. Rxc5 Rxc5 54.
Rxc5 bxc5 55. b6 Qf6 56. b7 Qb6 57. Kg2 Qd6 58. Qb5 Qc7 59. Qa6 Kh8 60. Qxg6 Qe7
61. Qh6+ Kg8 62. b8=Q 1-0

[Event "57th World Juniors 2018"]
[Site "Manavgat TUR"]
[Date "2018.09.08"]
[Round "5.57"]
[White "Murphy, Conor E"]
[Black "Eren, Ataberk"]
[Result "1-0"]
[WhiteTitle "FM"]
[WhiteElo "2357"]
[BlackElo "2180"]
[WhiteFideId "421669"]
[BlackFideId "6349765"]
[EventDate "2018.09.05"]

1. e4 e6 2. d4 d5 3. Nc3 Nf6 4. e5 Nfd7 5. f4 c5 6. Nf3 Nc6 7. Be3 Be7 8. Qd2
O-O 9. dxc5 Bxc5 10. O-O-O a6 11. Bxc5 Nxc5 12. Kb1 f5 13. exf6 Qxf6 14. g3 Rd8
15. Nd4 Bd7 16. Bg2 Be8 17. Qe3 Nxd4 18. Rxd4 Rac8 19. f5 Qxf5 20. Rf1 Qg6 21.
Nxd5 exd5 22. Bxd5+ Rxd5 23. Rxd5 Ne4 24. Rdf5 Bd7 25. Qxe4 Re8 26. b3 Bxf5 27.
Qxf5 Re1+ 28. Kb2 Rxf1 29. Qxf1 h5 30. Qc4+ Kh8 31. Qc8+ Kh7 32. Qxb7 Qf6+ 33.
Ka3 Qe5 34. Qf3 a5 35. Qd3+ g6 36. Qd7+ Kh6 37. Qd2+ g5 38. c4 Qc5+ 39. Ka4 Kg6
40. a3 g4 41. Qd3+ Kh6 42. Qd5 Qf2 43. c5 Qxh2 44. Qd6+ Kg7 45. c6 Qe2 1-0

[Event "57th World Juniors 2018"]
[Site "Manavgat TUR"]
[Date "2018.09.08"]
[Round "5.58"]
[White "Piyumantha, M Sasith Nipun"]
[Black "Bashirli, Nail"]
[Result "0-1"]
[WhiteTitle "FM"]
[BlackTitle "IM"]
[WhiteElo "2139"]
[BlackElo "2354"]
[WhiteFideId "9916148"]
[BlackFideId "13406809"]
[EventDate "2018.09.05"]

1. d4 Nf6 2. c4 e6 3. Nf3 d5 4. cxd5 exd5 5. Bg5 Nbd7 6. Nc3 Be7 7. e3 c6 8. Bd3
O-O 9. Qc2 Re8 10. O-O Nf8 11. h3 g6 12. Rab1 Ne6 13. Bxf6 Bxf6 14. b4 a5 15. a3
axb4 16. axb4 b5 17. Ra1 Bd7 18. Rxa8 Qxa8 19. Qb2 Ng5 20. Nxg5 Bxg5 21. Ra1 Qb8
22. Ne2 Be7 23. Qc3 Qb7 24. Qa3 Qc7 25. Qc3 Qd6 26. Ra7 Rd8 27. Qc5 Kf8 28. Ra1
Qf6 29. Qc3 Bd6 30. Bc2 Qe7 31. Rb1 Qg5 32. Kf1 Re8 33. Nc1 Re6 34. Nd3 Rf6 35.
Ne5 Bf5 36. Nf3 Qh5 37. Bxf5 Qxf5 38. Ra1 Kg7 39. Qxc6 Qd3+ 0-1

[Event "57th World Juniors 2018"]
[Site "Manavgat TUR"]
[Date "2018.09.08"]
[Round "5.61"]
[White "Baylav, Can"]
[Black "Hollan, Martin"]
[Result "0-1"]
[BlackTitle "FM"]
[WhiteElo "2026"]
[BlackElo "2336"]
[WhiteFideId "6361293"]
[BlackFideId "360937"]
[EventDate "2018.09.05"]

1. e4 e5 2. Nf3 Nc6 3. Bb5 g6 4. O-O Bg7 5. c3 Nge7 6. d4 exd4 7. cxd4 a6 8. Ba4
b5 9. Bb3 d6 10. h3 O-O 11. Nc3 Na5 12. Bc2 c5 13. a3 h6 14. Bf4 cxd4 15. Nxd4
Bb7 16. Rb1 Rc8 17. Qd3 Nc4 18. Rfe1 Qb6 19. Nde2 Rfd8 20. Bb3 d5 21. exd5 Nxd5
22. Nxd5 Bxd5 23. Bxc4 Bxc4 24. Qg3 Bd3 25. Rbc1 Bxe2 26. Rxc8 Rxc8 27. Rxe2 Qd4
28. Qe3 g5 29. Qxd4 Bxd4 30. Be3 Bxe3 31. fxe3 Kf8 32. Kf2 Ke7 33. e4 Ke6 34.
Ke3 Rc1 35. Kd4 Rc4+ 36. Kd3 Ke5 37. Rf2 Rd4+ 38. Kc3 Rd7 39. Rf5+ Kxe4 40. Rf6
h5 41. Rxa6 Rd3+ 42. Kb4 Rd2 43. b3 Rxg2 44. Kxb5 Rg3 45. b4 Rxh3 46. Kc6 g4 47.
Ra8 Rc3+ 48. Kd6 g3 49. a4 h4 50. Rg8 h3 51. b5 h2 0-1

[Event "57th World Juniors 2018"]
[Site "Manavgat TUR"]
[Date "2018.09.08"]
[Round "5.63"]
[White "Nastase, Robert-Paul"]
[Black "Zrikem, Nassim"]
[Result "1-0"]
[WhiteTitle "FM"]
[BlackTitle "CM"]
[WhiteElo "2313"]
[BlackElo "2066"]
[WhiteFideId "1221175"]
[BlackFideId "9002693"]
[EventDate "2018.09.05"]

1. e4 e5 2. Nf3 Nc6 3. Bc4 Nf6 4. Ng5 d5 5. exd5 Na5 6. Bb5+ c6 7. dxc6 bxc6 8.
Bd3 Nd5 9. Nf3 Bd6 10. O-O O-O 11. Re1 Qc7 12. Bf1 Bg4 13. h3 Bh5 14. c4 Nf4 15.
d3 Ne6 16. Be2 Rad8 17. Qa4 f5 18. b4 e4 19. Ng5 Nxg5 20. Bxh5 Nf7 21. Bxf7+
Rxf7 22. Bb2 Bh2+ 23. Kh1 Be5 24. Bxe5 Qxe5 25. Qxa5 Qxa5 26. bxa5 Rxd3 27. Rc1
f4 28. Nc3 e3 29. fxe3 fxe3 30. Rab1 h6 31. Rb2 Re7 32. Re2 g5 33. Kg1 Kg7 34.
Kf1 Re5 35. Nd1 Rd2 36. Ke1 Rxa5 37. Rc2 Rd3 38. Rxe3 Rd6 39. Nc3 Rd4 40. Re4
Rd3 41. Ke2 Rg3 42. Kf2 Rd3 43. Re3 Rd4 44. Ne2 Rd6 45. Ng3 Kg6 46. c5 Rf6+ 47.
Rf3 Re6 48. Rd3 Kf7 49. Rd7+ Ke8 1-0

[Event "57th World Juniors 2018"]
[Site "Manavgat TUR"]
[Date "2018.09.08"]
[Round "5.68"]
[White "Karaoglan, Doruk"]
[Black "Sanal, Vahap"]
[Result "0-1"]
[BlackTitle "GM"]
[WhiteElo "2196"]
[BlackElo "2502"]
[WhiteFideId "6390927"]
[BlackFideId "6300545"]
[EventDate "2018.09.05"]

1. e4 e5 2. Nf3 Nc6 3. Bc4 Nf6 4. d3 Bc5 5. c3 O-O 6. Bb3 h6 7. h3 d5 8. Qe2 a5
9. a4 b6 10. O-O Ba6 11. exd5 e4 12. Ne1 exd3 13. Nxd3 Ne5 14. c4 Nxd3 15. Qxd3
c6 16. Rd1 cxd5 17. Qf3 Qe7 18. Nd2 Rad8 19. Rf1 Rfe8 20. Qg3 dxc4 21. Nxc4 Ne4
22. Qf3 Nxf2 23. Bxh6 Ng4+ 0-1

[Event "57th World Juniors 2018"]
[Site "Manavgat TUR"]
[Date "2018.09.08"]
[Round "5.69"]
[White "Cirovic, Miroljub"]
[Black "Dedebas, Emre Emin"]
[Result "1-0"]
[BlackTitle "FM"]
[WhiteElo "2181"]
[BlackElo "2334"]
[WhiteFideId "16502868"]
[BlackFideId "6349005"]
[EventDate "2018.09.05"]

1. d4 Nf6 2. c4 e6 3. Nf3 b6 4. g3 Bb7 5. Bg2 Bb4+ 6. Bd2 a5 7. O-O O-O 8. Nc3
d6 9. Rc1 Nbd7 10. Qc2 Re8 11. Rfd1 Qc8 12. d5 Nc5 13. a3 Bxc3 14. Bxc3 Nce4 15.
Bxf6 Nxf6 16. Nd4 e5 17. Nb5 a4 18. Nc3 Qd7 19. e4 Ra5 20. Bf1 Rea8 21. Qd2 Rc5
22. f3 Qe8 23. Nxa4 Qxa4 24. b4 Qxa3 25. bxc5 Qxf3 26. Bg2 Qb3 27. cxd6 cxd6 28.
Qc3 Qxc3 29. Rxc3 Nd7 30. Rb1 Nc5 31. Rcc1 Ra6 32. Ra1 Nb3 33. Rxa6 Bxa6 34. Rb1
Bxc4 35. Bf1 b5 36. Bxc4 bxc4 37. Rb2 f5 38. Rc2 fxe4 39. Rxc4 Nd4 40. Kf2 Nf5
41. Rc6 h5 42. h3 e3+ 43. Ke1 Nxg3 44. Rxd6 Kf7 45. Re6 e4 46. Re5 Kf6 47. d6
Kxe5 48. d7 Kf4 49. d8=Q g5 50. Qd6+ Kf3 51. Qf6+ Kg2 52. Qxg5 Kxh3 53. Qxe3 h4
54. Qg5 e3 1-0

[Event "57th World Juniors 2018"]
[Site "Manavgat TUR"]
[Date "2018.09.08"]
[Round "5.71"]
[White "Ozenir, Ekin Baris"]
[Black "Ismayilov, Muhammad"]
[Result "1-0"]
[WhiteTitle "FM"]
[WhiteElo "2303"]
[BlackElo "2137"]
[WhiteFideId "6357415"]
[BlackFideId "13410024"]
[EventDate "2018.09.05"]

1. d4 d5 2. c4 e6 3. Nc3 c5 4. cxd5 exd5 5. Nf3 Nc6 6. g3 Nf6 7. Bg2 Be7 8. O-O
O-O 9. Bg5 cxd4 10. Nxd4 h6 11. Bf4 Bg4 12. h3 Be6 13. Rc1 Qd7 14. Nxe6 fxe6 15.
Qd3 Rfd8 16. Rcd1 Bb4 17. a3 Bxc3 18. Qxc3 Qe7 19. b4 a6 20. g4 Rac8 21. Qb3 Qf7
22. Bh2 e5 23. e3 e4 24. Qb2 Qe6 25. b5 Na5 26. bxa6 Qxa6 27. Rb1 Rc6 28. Rfd1
Rd7 29. Bf1 Nc4 30. Bxc4 Rxc4 31. Be5 Ra4 32. Qb5 Qc6 33. Qxc6 bxc6 34. Rdc1
Rxa3 35. Rxc6 Ne8 36. Rc8 Kf7 37. Rbb8 Re7 38. Bd4 Ra6 39. Rd8 Nd6 40. Kg2 Rc6
41. Kg3 Ke6 42. Rg8 Rcc7 43. Rb6 Rf7 44. Bb2 Rf3+ 45. Kh4 g5+ 46. Kh5 Rxh3+ 47.
Kg6 Rb7 48. Rxb7 Nxb7 49. Re8+ Kd7 50. Rh8 Rh4 51. Rh7+ Kc6 52. Rxh6 Rxh6+ 53.
Kxh6 Nc5 54. Kxg5 Nd3 55. Bd4 Nxf2 56. Kh5 Kd7 57. g5 Ke8 58. Kh6 Kf8 59. Kh7
Nh3 60. g6 Ng5+ 61. Kh8 Ne6 62. g7+ 1-0

[Event "57th World Juniors 2018"]
[Site "Manavgat TUR"]
[Date "2018.09.08"]
[Round "5.72"]
[White "Tifferet, Shaked"]
[Black "Ongut, Tamas Gunes"]
[Result "1/2-1/2"]
[WhiteTitle "FM"]
[BlackTitle "FM"]
[WhiteElo "2299"]
[BlackElo "2121"]
[WhiteFideId "2811529"]
[BlackFideId "770280"]
[EventDate "2018.09.05"]

1. Nf3 d5 2. g3 Nc6 3. Bg2 e5 4. d3 f6 5. a3 Be6 6. b4 Qd7 7. Nbd2 g5 8. Bb2 h5
9. h4 g4 10. Ng1 a5 11. b5 Nd8 12. e3 Qxb5 13. Rb1 Qd7 14. Ne2 Nf7 15. O-O Ne7
16. c4 c6 17. d4 dxc4 18. Qc2 Bg7 19. dxe5 fxe5 20. Nxc4 Qc7 21. a4 O-O 22. Ba3
Rfe8 23. Bc5 Nd5 24. Rfc1 Nf6 25. Bb6 Qc8 26. Nxa5 Bf5 27. e4 Bg6 28. Nc4 Bh6
29. Rd1 Qe6 30. a5 Nd7 31. Nc1 Nxb6 32. Rxb6 Qe7 33. Nd3 Bg7 34. Qb3 Ra7 35. Rb1
Rd8 36. Nb4 Qc7 37. a6 Bf8 38. axb7 Rxb7 39. Rxb7 Qxb7 40. Nxe5 Qxb4 41. Qxb4
Bxb4 42. Nxg6 Bd6 43. Rc1 c5 44. Nf4 Ne5 45. Nxh5 Nd3 46. Rc2 Be5 47. Bf1 Ne1
48. Rc1 Nf3+ 49. Kg2 Rd2 50. Bc4+ Kh7 51. Be6 Bd4 52. Rf1 Kh6 53. Bxg4 Ne5 54.
Kh3 Nd3 55. Kg2 Nxf2 56. Kf3 Nd3 57. e5 Nxe5+ 58. Kf4 Bb2 59. Nf6 Rd4+ 60. Kf5
Nc4 61. Re1 Rd6 62. Re6 Rxe6 63. Kxe6 Bxf6 64. Kxf6 Ne3 65. Be2 Ng2 66. h5 Ne3
67. Ke5 Kg5 68. g4 c4 69. Kd4 Nxg4 70. Bxg4 c3 71. Kxc3 Kh6 72. Kd4 Kg7 73. Ke5
Kh8 74. Ke4 1/2-1/2

[Event "57th World Juniors 2018"]
[Site "Manavgat TUR"]
[Date "2018.09.08"]
[Round "5.74"]
[White "Lin, Peisen"]
[Black "Akdogan, Alperen"]
[Result "1-0"]
[BlackTitle "FM"]
[WhiteElo "2034"]
[BlackElo "2278"]
[WhiteFideId "8611505"]
[BlackFideId "6347363"]
[EventDate "2018.09.05"]

1. e4 Nf6 2. e5 Nd5 3. d4 d6 4. Nf3 g6 5. Bc4 Nb6 6. Bb3 Bg7 7. a4 a5 8. O-O O-O
9. h3 Na6 10. Be3 c6 11. Nc3 d5 12. Qe2 Nb4 13. Rad1 Kh8 14. Nh2 Be6 15. Nb1 Nc4
16. c3 Nxe3 17. Qxe3 Na6 18. Rd2 Qb6 19. Bc2 c5 20. f4 Rac8 21. Nf3 f6 22. g4
cxd4 23. cxd4 Nb4 24. Bd1 Bg8 25. Nc3 fxe5 26. fxe5 Nc6 27. Nb5 Nd8 28. Bb3 Nc6
29. Bc2 Nb4 30. Bb1 Rf7 31. Rdf2 Rcf8 32. Kg2 Rf4 33. Kg3 R4f7 34. h4 Na6 35.
Rh1 Nc7 36. Nxc7 Qxc7 37. h5 gxh5 38. Rxh5 Qc4 39. b3 Qb4 40. Qd3 h6 41. g5 Qb6
42. Qg6 Qxb3 43. Bd3 Qd1 44. Kg2 Rc8 45. e6 Rc6 46. Rxh6+ Bxh6 47. Qxh6+ Rh7 48.
Bxh7 Bxh7 49. g6 1-0

[Event "57th World Juniors 2018"]
[Site "Manavgat TUR"]
[Date "2018.09.08"]
[Round "5.76"]
[White "Fleri, Matthew"]
[Black "Yilmaz, Goktan"]
[Result "0-1"]
[BlackTitle "CM"]
[WhiteElo "1625"]
[BlackElo "2237"]
[WhiteFideId "5602165"]
[BlackFideId "6354904"]
[EventDate "2018.09.05"]

1. e4 c5 2. c3 Nf6 3. e5 Nd5 4. d4 cxd4 5. Nf3 Nc6 6. cxd4 d6 7. Bc4 Nb6 8. Bb3
dxe5 9. dxe5 Qxd1+ 10. Bxd1 g6 11. O-O Bg7 12. Re1 O-O 13. b3 Rd8 14. Nc3 Bg4
15. Bf4 Nb4 16. Bg3 Nd3 17. Rf1 Rac8 18. Nb5 Rc5 19. Nbd4 Bxf3 20. Nxf3 Nxe5 21.
Nxe5 Bxe5 22. Bxe5 Rxe5 23. Bf3 Nd5 24. Rfe1 Rxe1+ 25. Rxe1 e6 26. Kf1 Kf8 27.
Rc1 Ke7 28. g3 Kd7 29. Ke2 Rc8 30. Rxc8 Kxc8 31. a3 Kc7 32. Kd3 Kd6 33. Kc4 b6
34. Bg2 g5 35. Bf3 f5 36. Bg2 Nc7 37. Bh1 e5 38. a4 e4 39. Bg2 Ke5 40. Kc3 f4
41. Kd2 Kd4 42. Bf1 Nd5 43. Bc4 Nf6 44. Be6 h5 45. h3 h4 46. gxh4 gxh4 47. Bc4
a5 48. Ke2 Nd5 49. Kd2 f3 50. Bb5 Nf4 51. Bf1 Nd3 0-1

[Event "57th World Juniors 2018"]
[Site "Manavgat TUR"]
[Date "2018.09.08"]
[Round "5.82"]
[White "Rajic, Ivan"]
[Black "Zhu, Yi"]
[Result "0-1"]
[BlackTitle "FM"]
[WhiteElo "2021"]
[BlackElo "2335"]
[WhiteFideId "14411377"]
[BlackFideId "8607435"]
[EventDate "2018.09.05"]

1. e4 e5 2. Nf3 Nc6 3. Bb5 Qf6 4. O-O a6 5. Ba4 Bc5 6. c3 Nge7 7. Re1 b5 8. Bc2
d6 9. d4 Bb6 10. d5 Nd8 11. Bg5 Qg6 12. Bxe7 Kxe7 13. Nbd2 h5 14. Nh4 Qf6 15.
Nf5+ Kf8 16. a4 Rb8 17. axb5 axb5 18. Qf3 g5 19. b4 g4 20. Qg3 Qg5 21. Nf3 Qf4
22. Qxf4 exf4 23. N3d4 h4 24. Kf1 Bxf5 25. Nxf5 f6 26. Bd3 Nf7 27. Nd4 Ne5 28.
Ne6+ Kf7 29. Nxf4 g3 30. fxg3 hxg3 31. h3 Rh4 32. Ne2 Nxd3 33. Nxg3 Rf4+ 34. Ke2
Nxe1 35. Rxe1 Rg8 36. Ra1 0-1

[Event "57th World Juniors 2018"]
[Site "Manavgat TUR"]
[Date "2018.09.10"]
[Round "6.2"]
[White "Sindarov, Javokhir"]
[Black "Christiansen, Johan-Sebastian"]
[Result "1-0"]
[WhiteTitle "IM"]
[BlackTitle "IM"]
[WhiteElo "2484"]
[BlackElo "2525"]
[WhiteFideId "14205483"]
[BlackFideId "1512668"]
[EventDate "2018.09.05"]

1. e4 e5 2. Nf3 Nc6 3. Bc4 Nf6 4. d3 Be7 5. Nc3 O-O 6. a3 d6 7. O-O Kh8 8. Ng5
Qe8 9. f4 exf4 10. Bxf4 h6 11. Nf3 Ne5 12. Bxe5 dxe5 13. Kh1 Nd7 14. Nd5 Bd8 15.
Qe1 c6 16. Ne3 Nf6 17. Qg3 Bc7 18. Nh4 Be6 19. Rxf6 gxf6 20. Nhf5 Rg8 21. Qh4
Rg6 22. Nxh6 Kg7 23. Nhf5+ Kg8 24. Rf1 Bxc4 25. Nxc4 Qe6 26. Rf3 Rd8 27. Nce3
Bb6 28. Rh3 Kf8 29. Rg3 Kg8 30. Ng4 Rd6 31. Nxd6 Qxd6 32. Nh6+ 1-0

[Event "57th World Juniors 2018"]
[Site "Manavgat TUR"]
[Date "2018.09.10"]
[Round "6.3"]
[White "Donchenko, Alexander"]
[Black "Kollars, Dmitrij"]
[Result "1/2-1/2"]
[WhiteTitle "GM"]
[BlackTitle "GM"]
[WhiteElo "2614"]
[BlackElo "2536"]
[WhiteFideId "24603295"]
[BlackFideId "12909572"]
[EventDate "2018.09.05"]

1. d4 Nf6 2. c4 g6 3. Nc3 Bg7 4. e4 d6 5. f3 O-O 6. Be3 c5 7. Nge2 Nc6 8. d5 Ne5
9. Ng3 h5 10. Be2 h4 11. Nf1 e6 12. Bg5 Qb6 13. Qd2 exd5 14. Bxf6 Bxf6 15. Nxd5
Qd8 16. Nxf6+ Qxf6 17. Ne3 Nc6 18. O-O-O Qd4 19. Nc2 Qxd2+ 20. Rxd2 Rd8 21. Rhd1
Kf8 22. Rxd6 Rxd6 23. Rxd6 Be6 24. Rd1 Re8 25. b3 Kg7 26. Kd2 f5 27. exf5 Bxf5
28. Ne3 Nd4 29. Re1 Rxe3 30. Kxe3 Nc2+ 31. Kd2 Nxe1 32. Kxe1 g5 33. Kd2 Kf6 34.
Bd3 Bd7 35. Ke3 Ke5 36. g3 hxg3 37. hxg3 b6 38. Bg6 Bc6 39. Bf7 Bd7 40. Bd5 Bf5
41. Bc6 Bg6 42. Kd2 Kd4 43. f4 gxf4 44. gxf4 Be4 45. Bd7 Bh7 46. Bc6 Be4 47. Bd5
Bxd5 48. cxd5 Kxd5 49. Ke3 b5 50. Kd3 c4+ 51. bxc4+ bxc4+ 52. Kc3 Ke4 53. Kxc4
Kxf4 54. a4 Ke5 55. Kc5 a5 56. Kb5 Kd6 57. Kxa5 Kc7 58. Kb5 Kb7 59. a5 Ka7 60.
a6 Kb8 61. Kb6 Ka8 62. a7 1/2-1/2

[Event "57th World Juniors 2018"]
[Site "Manavgat TUR"]
[Date "2018.09.10"]
[Round "6.4"]
[White "Santos Ruiz, Miguel"]
[Black "Esipenko, Andrey"]
[Result "1/2-1/2"]
[WhiteTitle "GM"]
[BlackTitle "GM"]
[WhiteElo "2524"]
[BlackElo "2593"]
[WhiteFideId "22291482"]
[BlackFideId "24175439"]
[EventDate "2018.09.05"]

1. e4 e5 2. Nf3 Nc6 3. Bb5 a6 4. Ba4 Nf6 5. O-O b5 6. Bb3 Bc5 7. a4 Rb8 8. Nxe5
Nxe5 9. d4 Bxd4 10. Qxd4 d6 11. Bf4 c5 12. Qd2 O-O 13. f3 Qe7 14. Nc3 c4 15. Ba2
Be6 16. Bg5 b4 17. Nd5 Bxd5 18. exd5 h6 19. Bh4 Rfc8 20. Rae1 Qd8 21. Qd4 Qb6
22. Qxb6 Rxb6 23. Bxf6 gxf6 24. f4 Ng6 25. c3 bxc3 26. bxc3 Rb2 27. Bb1 Kg7 28.
Rf3 Rcb8 29. Bxg6 Kxg6 30. f5+ Kg7 31. Re4 Rd2 32. Rxc4 1/2-1/2

[Event "57th World Juniors 2018"]
[Site "Manavgat TUR"]
[Date "2018.09.10"]
[Round "6.5"]
[White "Aravindh, Chithambaram VR."]
[Black "Karthik, Venkataraman"]
[Result "0-1"]
[WhiteTitle "GM"]
[BlackTitle "IM"]
[WhiteElo "2578"]
[BlackElo "2519"]
[WhiteFideId "5072786"]
[BlackFideId "25006479"]
[EventDate "2018.09.05"]

1. e4 c5 2. Nf3 d6 3. d4 Nf6 4. Nc3 cxd4 5. Nxd4 a6 6. Be2 e6 7. O-O Be7 8. f4
O-O 9. Kh1 Qc7 10. a4 Nc6 11. Be3 Re8 12. Bf3 Bd7 13. Nb3 b6 14. g4 Bc8 15. g5
Nd7 16. Bg2 Rb8 17. Qe2 Bb7 18. Rf3 Nb4 19. Rh3 g6 20. Qf2 f5 21. Nd4 Bf8 22.
exf5 exf5 23. Rd1 Nc5 24. Nde2 Qf7 25. Rd2 Rbc8 26. Bd4 Bxg2+ 27. Qxg2 d5 28.
Rd1 Nxc2 29. Nxd5 Rxe2 30. Rxh7 Nxd4 31. Rxf7 Kxf7 32. Qf1 Nce6 33. Qh3 Rcc2 34.
b4 Rxh2+ 35. Qxh2 Rxh2+ 36. Kxh2 b5 37. axb5 axb5 38. Ra1 Nc6 39. Kg3 Ned4 40.
Rh1 Bd6 41. Rh7+ Ke6 42. Nc7+ Bxc7 43. Rxc7 Kd6 44. Rb7 Ne7 45. Rb6+ Kc7 46. Rf6
Ndc6 47. Re6 Kd7 48. Rf6 Nd4 49. Rb6 Kc7 50. Rf6 Ne2+ 51. Kf3 Nxf4 0-1

[Event "57th World Juniors 2018"]
[Site "Manavgat TUR"]
[Date "2018.09.10"]
[Round "6.6"]
[White "Tabatabaei, M.amin"]
[Black "Harsha, Bharathakoti"]
[Result "1-0"]
[WhiteTitle "GM"]
[BlackTitle "IM"]
[WhiteElo "2576"]
[BlackElo "2474"]
[WhiteFideId "12521213"]
[BlackFideId "5078776"]
[EventDate "2018.09.05"]

1. e4 e5 2. Nf3 Nc6 3. Bb5 a6 4. Ba4 Nf6 5. O-O b5 6. Bb3 Bb7 7. Re1 Bc5 8. c3
d6 9. d4 Bb6 10. Be3 O-O 11. d5 Ne7 12. Bxb6 cxb6 13. Nbd2 Ng6 14. Nf1 Bc8 15.
N3d2 Nf4 16. Bc2 N6h5 17. Ne3 Qg5 18. Kh1 Nf6 19. Nf3 Qh5 20. Ng1 Ng4 21. Nxg4
Bxg4 22. f3 Bd7 23. Ne2 Qg5 24. Nxf4 Qxf4 25. Qe2 Rfc8 26. Qf2 Rab8 27. a3 Qf6
28. Qe3 h6 29. g3 Re8 30. Kg2 Qg5 31. Qf2 f5 32. exf5 Bxf5 33. h4 Qg6 34. Bxf5
Qxf5 35. a4 Qd3 36. Rad1 Qc4 37. Re4 Qc5 38. Qe2 bxa4 39. Rxa4 a5 40. Rd2 Rbc8
41. Rg4 b5 42. Qe4 Re7 43. Rg6 a4 44. Rf2 a3 45. bxa3 Qxa3 46. Rxh6 Rxc3 47.
Qh7+ Kf7 48. Rg6 Ke8 49. Qg8+ Kd7 50. Rxg7 Rxg7 51. Qxg7+ Kc8 52. h5 Rc1 53. f4
Qd3 54. Qf8+ Kb7 55. fxe5 Qe4+ 56. Qf3 Qxe5 57. Qf5 Qa1 58. Qd7+ Ka6 59. Qxd6+
Ka5 60. Qd8+ Kb4 61. Qf8+ Kc4 62. Rf4+ Kxd5 63. Qd8+ Kc5 64. Qc7+ Kd5 65. Rf5+
Ke4 66. Qf4+ Kd3 67. Rd5+ Kc3 68. Qd4+ 1-0